ბათუმის შოთა რუსთაველის სახელმწიფო უნივერსიტეტის ბიბლიოთეკა

ისტორიული სამხრეთ საქართველოს ზეპირსიტყვიერება Iშავშური ფოლკლორი. = Historial South Georgian Folklore. Shavshian folklore. (ბიბ.ჩანაწერი № 51626)

000 -LEADER
fixed length control field 01840nam a2200301Ia 4500
001 - CONTROL NUMBER
control field 18617
003 - CONTROL NUMBER IDENTIFIER
control field GE_BSU
008 - FIXED-LENGTH DATA ELEMENTS--GENERAL INFORMATION
fixed length control field 181216s||||||||xx |||||||||||||| ||und||
020 ## - INTERNATIONAL STANDARD BOOK NUMBER
International Standard Book Number 9789941460234
040 ## - CATALOGING SOURCE
Transcribing agency GE_BSU
080 ## - UNIVERSAL DECIMAL CLASSIFICATION NUMBER
Universal Decimal Classification number 398.5(=353.1)
100 ## - MAIN ENTRY--PERSONAL NAME
Personal name შიოშვილი,თინა
245 ## - TITLE STATEMENT
Title ისტორიული სამხრეთ საქართველოს ზეპირსიტყვიერება Iშავშური ფოლკლორი. = Historial South Georgian Folklore. Shavshian folklore.
245 ## - TITLE STATEMENT
Remainder of title მონოგრაფია
245 ## - TITLE STATEMENT
Statement of responsibility, etc. რედ. პროფ. მამია ფაღავა
250 ## - EDITION STATEMENT
Edition statement ბათუმის შოთა რუსთაველის სახ-ფო უნ-ტი. იურიდიული ფაკ-ტი. სამართლის დეპ-ტი.ჰუმანიტარულ მეცნიერებათა ფაკულტეტი. ქართველოლოგიის ცენტრი.
260 ## - PUBLICATION, DISTRIBUTION, ETC.
Place of publication, distribution, etc. ბათუმი
260 ## - PUBLICATION, DISTRIBUTION, ETC.
Name of publisher, distributor, etc. ს.ს. "გამომცემლობა აჭარა
260 ## - PUBLICATION, DISTRIBUTION, ETC.
Date of publication, distribution, etc. 2016
300 ## - PHYSICAL DESCRIPTION
Extent 542გვ.22სმ.
300 ## - PHYSICAL DESCRIPTION
Accompanying material ბიბლიოგრ.გვ.496
520 ## - SUMMARY, ETC.
Summary, etc. პარალ. სათაური ინგლ. ენაზე. რეზიუმე ინგლ.ენაზე.
653 ## - INDEX TERM--UNCONTROLLED
Uncontrolled term ისტორიული სამხრეთ საქართველოს ზეპირსიტყვიერება
653 ## - INDEX TERM--UNCONTROLLED
Uncontrolled term ფოლკლორი.
653 ## - INDEX TERM--UNCONTROLLED
Uncontrolled term შავშების ფოლკლორული შემოქმედება და ქართული წეს-ჩვეულებებ.ი
653 ## - INDEX TERM--UNCONTROLLED
Uncontrolled term შავშური ფოლკლორი.
942 ## - ADDED ENTRY ELEMENTS (KOHA)
Koha item type წიგნი
ეგზემპლარები
Withdrawn status Lost status Damaged status Not for loan Date acquired Barcode Date last seen Price effective from Koha item type
        2018-12-17 48149 2018-12-17 2018-12-17 წიგნი